000 01387nkm a2200361 c 4500
999 _c210170
_d210170
003 BLK
005 20200429151501.0
008 180412b bul rap|r|||| r0| ||bulo|
010 _aKNG00162826000
040 _aBLK
041 _aENG
_cENG
080 _aПриложно изкуство. Художествени занаяти. Интериор. Дизайн. Играчки. Худож. пространствено оформление
_b745/749
_x(477)
_z745/749(477)
139 _aFolk Art from the Ukraine
_bF 72
_gФ 69
245 1 0 _aFolk Art from the Ukraine
_bPottery, glassware, woodwork, metalwork, embroidery, weaving, folk painting, rugs and carpets
257 _aSUN
260 _bAurora
_c1982
300 _a32 p., 256 p.
_bill.
_c24 cm
380 _a7
650 4 _aПриложно и декоративно изкуство
_9248151
651 4 _aУкрайна
_9179705
653 _aприложни изкуства
653 _aкерамика
653 _aстъкло
653 _aметални пластики
653 _aбродерия
653 _aтъкачество
653 _aкилими
852 _aЦб Гр А 1603
856 4 _qpdf
_u
856 4 _qpdf
_u
942 _cGRA
_n0
_s1
944 _aCR
_c05.07.2014
_l05.07.2014 - от С1,Р / 05.07.2014
_kКамелия_Данева
944 _aED
_c05.07.2014
_l05.07.2014 - от С1,Р / 05.07.2014
999 _d210170